[Event "GBR-ch Major op 109th"]
[Site "Leicester"]
[Date "2023.07.25"]
[Round "4"]
[White "Gamage Ranasinghe, Yuman Ranjula"]
[Black "Bedi, Adam"]
[Result "0-1"]
[WhiteElo "1100"]
[BlackElo "1791"]
[PlyCount "77"]
[EventDate "2023.07.22"]
[EventType "swiss"]
[EventRounds "9"]
[EventCountry "ENG"]
[SourceTitle "EXT 2024"]
[Source "ChessBase"]
[SourceDate "2023.10.10"]
[SourceVersion "1"]
[SourceVersionDate "2023.10.10"]
[SourceQuality "1"]

1. e4 c5 2. Nf3 e6 3. Bd3 Nc6 4. c3 d5 5. e5 Nge7 6. 0-0 a6 7. Bc2 d4 8. d3 Ng6 9. Re1 Be7 10. Nbd2 0-0 11. Nf1 b5 12. Ng3 Bb7 13. Bd2 Qd5 14. c4 bxc4 15. dxc4 Qxc4 16. Bb3 Qb5 17. Rc1 Rac8 18. Nh5 Nb4 19. Bc4 Qb6 20. a3 Nd5 21. Rc2 Rfd8 22. Qc1 Re8 23. Bxd5 Bxd5 24. Bh6 Bf8 25. Nf6+ gxf6 26. exf6 Qd8 27. Qg5 Bxf3 28. Bxf8 Rxf8 29. gxf3 Kh8 30. h4 Rg8 31. Kh1 Qd5 32. Qg4 Ne5 33. Qh5 Qxf3+ 34. Qxf3 Nxf3 35. Rec1 h5 36. b4 c4 37. a4 d3 38. Rb2 c3 39. Rbb1 0-1

[Event "Hull 4NCL op"]
[Site "Hull"]
[Date "2022.10.15"]
[Round "3"]
[White "Bedi, Adam"]
[Black "Southcott Moyers, Indy"]
[Result "0-1"]
[WhiteElo "1797"]
[BlackElo "1952"]
[PlyCount "70"]
[EventDate "2022.10.14"]
[EventType "swiss"]
[EventRounds "5"]
[EventCountry "ENG"]
[SourceTitle "CBM 210 Extra"]
[Source "ChessBase"]
[SourceDate "2022.11.30"]
[SourceVersion "1"]
[SourceVersionDate "2022.11.30"]
[SourceQuality "1"]

1. d4 d5 2. c4 c6 3. Nf3 Nf6 4. e3 Bf5 5. Nc3 e6 6. Nh4 Bg6 7. Nxg6 hxg6 8. Bd2 Nbd7 9. Qb3 Qb6 10. g3 Be7 11. Be2 Qxb3 12. axb3 a6 13. f3 e5 14. 0-0 exd4 15. exd4 0-0 16. Rfe1 Bd6 17. Bf1 c5 18. cxd5 cxd4 19. Ne4 Nxe4 20. Rxe4 Nc5 21. Ree1 Nxb3 22. Rad1 Nxd2 23. Rxd2 Bb4 24. Red1 Bxd2 25. Rxd2 Rfd8 26. Rxd4 Rd6 27. f4 Rc8 28. Rd2 Kf8 29. Kf2 Ke7 30. Ke3 Rdd8 31. Kd4 Kd6 32. Bc4 Re8 33. Rd1 f5 34. Bb3 Re2 35. h4 Rxb2 0-1

[Event "Hull 4NCL op"]
[Site "Hull"]
[Date "2022.10.15"]
[Round "2"]
[White "Hepworth, Peter"]
[Black "Bedi, Adam"]
[Result "0-1"]
[WhiteElo "1861"]
[BlackElo "1797"]
[PlyCount "108"]
[EventDate "2022.10.14"]
[EventType "swiss"]
[EventRounds "5"]
[EventCountry "ENG"]
[SourceTitle "CBM 210 Extra"]
[Source "ChessBase"]
[SourceDate "2022.11.30"]
[SourceVersion "1"]
[SourceVersionDate "2022.11.30"]
[SourceQuality "1"]

1. d4 d5 2. Nf3 Nf6 3. c4 c6 4. cxd5 cxd5 5. Nc3 Nc6 6. Bf4 a6 7. e3 Bg4 8. h3 Bh5 9. a3 e6 10. g4 Bg6 11. Qb3 Ra7 12. Ne5 Nxe5 13. dxe5 Nd7 14. Qa4 Ra8 15. h4 b5 16. Qd1 h5 17. Bg2 Nc5 18. 0-0 Qxh4 19. b4 Nd3 20. Bg3 Qxg4 21. Qxg4 hxg4 22. e4 Rc8 23. Nxd5 exd5 24. exd5 Rh5 25. d6 Nxe5 26. Bxe5 Rxe5 27. Bb7 Rc3 28. Bxa6 Bxd6 29. Rfd1 Ke7 30. Rd4 Bf5 31. Rad1 Rc6 32. Bb7 Rb6 33. Bg2 Bb8 34. Bf1 Rd6 35. Rxd6 Bxd6 36. Ra1 Be4 37. a4 Rh5 38. Bg2 Bxg2 39. Kxg2 bxa4 40. Rxa4 Rb5 41. Ra2 Rxb4 42. Rc2 f5 43. Ra2 Kf6 44. Rc2 f4 45. f3 gxf3+ 46. Kxf3 Kf5 47. Kg2 g5 48. Kf3 Be5 49. Rc1 g4+ 50. Kg2 Rb2+ 51. Kh1 g3 52. Rd1 f3 53. Rc1 Rh2+ 54. Kg1 Bd4+ 0-1

[Event "Checkmate Covid Rematch"]
[Site "Chess.com INT"]
[Date "2021.06.06"]
[Round "?"]
[White "Barry, Steve"]
[Black "Bedi, Adam"]
[Result "0-1"]
[WhiteElo "1564"]
[BlackElo "1803"]
[PlyCount "40"]
[EventDate "2021.06.05"]
[EventType "swiss (blitz)"]
[EventRounds "20"]
[EventCountry "ENG"]
[SourceTitle "CBM 202 Extra"]
[Source "ChessBase"]
[SourceDate "2021.07.31"]
[SourceVersion "1"]
[SourceVersionDate "2021.07.31"]
[SourceQuality "1"]

1. e4 c6 2. d4 d5 3. f3 dxe4 4. fxe4 e5 5. Nf3 Bg4 6. Bc4 exd4 7. 0-0 f6 8. h3 Bh5 9. Qxd4 Qxd4+ 10. Nxd4 Bc5 11. Be3 Nd7 12. Re1 0-0-0 13. Nf5 Bxe3+ 14. Rxe3 Ne5 15. Bb3 Rd1+ 16. Kf2 Nh6 17. c3 Nxf5 18. exf5 Rhd8 19. Bxd1 Rxd1 20. Re1 Nd3+ 0-1

[Event "Checkmate Covid Rematch"]
[Site "Chess.com INT"]
[Date "2021.06.06"]
[Round "?"]
[White "Bedi, Adam"]
[Black "Rizvi, Nasir"]
[Result "0-1"]
[WhiteElo "1803"]
[BlackElo "1989"]
[PlyCount "32"]
[EventDate "2021.06.05"]
[EventType "swiss (blitz)"]
[EventRounds "20"]
[EventCountry "ENG"]
[SourceTitle "CBM 202 Extra"]
[Source "ChessBase"]
[SourceDate "2021.07.31"]
[SourceVersion "1"]
[SourceVersionDate "2021.07.31"]
[SourceQuality "1"]

1. d4 Nf6 2. c4 g6 3. g3 Bg7 4. Bg2 0-0 5. Nf3 d6 6. 0-0 Bg4 7. h3 Bxf3 8. Bxf3 Nc6 9. Nc3 e5 10. e3 Nd7 11. Bg2 exd4 12. Bxc6 dxc3 13. Bxb7 cxb2 14. Bxb2 Bxb2 15. Bxa8 Bxa1 16. Qxa1 Qxa8 0-1

[Event "Checkmate Covid Rematch"]
[Site "Chess.com INT"]
[Date "2021.06.06"]
[Round "?"]
[White "Bedi, Adam"]
[Black "Steil Antoni, Fiona"]
[Result "0-1"]
[WhiteElo "1803"]
[BlackElo "2129"]
[PlyCount "72"]
[EventDate "2021.06.05"]
[EventType "swiss (blitz)"]
[EventRounds "20"]
[EventCountry "ENG"]
[SourceTitle "CBM 202 Extra"]
[Source "ChessBase"]
[SourceDate "2021.07.31"]
[SourceVersion "1"]
[SourceVersionDate "2021.07.31"]
[SourceQuality "1"]

1. d4 d6 2. c4 e5 3. Nf3 Nc6 4. dxe5 Nxe5 5. Nxe5 dxe5 6. Qxd8+ Kxd8 7. Nc3 c6 8. g3 Nf6 9. Bg2 Bc5 10. 0-0 Ke7 11. Bg5 Be6 12. b3 Rhd8 13. Ne4 Bd4 14. Rad1 h6 15. Bxf6+ gxf6 16. e3 Bb6 17. Nc3 h5 18. Rxd8 Rxd8 19. Rd1 Rxd1+ 20. Nxd1 Bf5 21. h4 Bb1 22. Nc3 Ba5 23. Be4 Bxe4 24. Nxe4 Bb4 25. Kg2 Ke6 26. Kf3 a5 27. g4 hxg4+ 28. Kxg4 f5+ 29. Kg5 fxe4 30. h5 Bf8 31. h6 b5 32. cxb5 cxb5 33. a3 Bxa3 34. h7 Be7+ 35. Kg4 Bf6 36. Kh5 a4 0-1

[Event "Checkmate Covid Rematch"]
[Site "Chess.com INT"]
[Date "2021.06.06"]
[Round "?"]
[White "McCarthy, Kevin"]
[Black "Bedi, Adam"]
[Result "0-1"]
[WhiteElo "2012"]
[BlackElo "1803"]
[PlyCount "120"]
[EventDate "2021.06.05"]
[EventType "swiss (blitz)"]
[EventRounds "20"]
[EventCountry "ENG"]
[SourceTitle "CBM 202 Extra"]
[Source "ChessBase"]
[SourceDate "2021.07.31"]
[SourceVersion "1"]
[SourceVersionDate "2021.07.31"]
[SourceQuality "1"]

1. d4 c6 2. Nc3 d5 3. e4 dxe4 4. f3 exf3 5. Nxf3 Nf6 6. Bg5 Bg4 7. Bc4 e6 8. 0-0 Be7 9. Qd2 0-0 10. Ne5 Bh5 11. Rae1 Nbd7 12. Nxd7 Nxd7 13. Bxe7 Qxe7 14. Kh1 Nb6 15. Bd3 Bg6 16. Bxg6 hxg6 17. Ne4 Rad8 18. c3 Qh4 19. g3 Qh6 20. Qf2 Nc4 21. b3 Nd6 22. Nc5 b6 23. Nd3 Nb5 24. Qc2 Qh5 25. Ne5 Rd6 26. Rf4 g5 27. g4 Qh4 28. Rf3 Qxe1+ 29. Kg2 Rxd4 30. cxd4 Nxd4 31. Qf2 Qxe5 32. Rh3 Qe2 33. Qxe2 Nxe2 34. Re3 Nd4 35. Rd3 c5 36. b4 Rb8 37. bxc5 bxc5 38. Ra3 Rb7 39. Ra5 g6 40. Rxc5 Rb2+ 41. Kg3 Rxa2 42. Rc7 a5 43. Kh3 a4 44. Rc1 a3 45. Rd1 Ne2 46. Rf1 Rb2 47. Ra1 a2 48. Kg2 Nd4+ 49. Kh3 Nb3 50. Rxa2 Rxa2 51. Kg3 Nc5 52. Kh3 Rf2 53. Kg3 Rf4 54. Kh3 e5 55. Kg3 e4 56. Kh3 e3 57. Kg3 e2 58. Kh3 e1Q 59. Kg2 Qf2+ 60. Kh3 Rf3# 0-1

[Event "Checkmate Covid Rematch"]
[Site "Chess.com INT"]
[Date "2021.06.06"]
[Round "?"]
[White "Shearsby, Jude"]
[Black "Bedi, Adam"]
[Result "1-0"]
[WhiteElo "1673"]
[BlackElo "1803"]
[PlyCount "21"]
[EventDate "2021.06.05"]
[EventType "swiss (blitz)"]
[EventRounds "20"]
[EventCountry "ENG"]
[SourceTitle "CBM 202 Extra"]
[Source "ChessBase"]
[SourceDate "2021.07.31"]
[SourceVersion "1"]
[SourceVersionDate "2021.07.31"]
[SourceQuality "1"]

1. d4 d5 2. Bf4 Nf6 3. e3 c5 4. Nc3 Nc6 5. Nb5 Qa5+ 6. c3 e5 7. Bxe5 Nxe5 8. dxe5 Nd7 9. Qxd5 a6 10. Nd6+ Kd8 11. Nxf7+ 1-0

[Event "Checkmate Covid Rematch"]
[Site "Chess.com INT"]
[Date "2021.06.05"]
[Round "?"]
[White "Bedi, Adam"]
[Black "Howell, David"]
[Result "0-1"]
[WhiteElo "1803"]
[BlackElo "2658"]
[PlyCount "42"]
[EventDate "2021.06.05"]
[EventType "swiss (blitz)"]
[EventRounds "20"]
[EventCountry "ENG"]
[SourceTitle "CBM 202 Extra"]
[Source "ChessBase"]
[SourceDate "2021.07.31"]
[SourceVersion "1"]
[SourceVersionDate "2021.07.31"]
[SourceQuality "1"]

1. d4 d5 2. c4 e5 3. dxe5 d4 4. Nf3 Nc6 5. g3 Be6 6. b3 Qd7 7. Bg2 0-0-0 8. 0-0 Bh3 9. Ba3 Nge7 10. Nbd2 h5 11. Ne4 Bxg2 12. Kxg2 h4 13. Nxh4 Rxh4 14. gxh4 Ng6 15. Bxf8 Rxf8 16. Rg1 Qg4+ 17. Ng3 Rh8 18. e3 Qxh4 19. Rh1 Qh3+ 20. Kg1 Nh4 21. Qf1 Nf3# 0-1

[Event "Checkmate Covid Rematch"]
[Site "Chess.com INT"]
[Date "2021.06.05"]
[Round "?"]
[White "Bedi, Adam"]
[Black "McCarthy, Kevin"]
[Result "0-1"]
[WhiteElo "1803"]
[BlackElo "2012"]
[PlyCount "104"]
[EventDate "2021.06.05"]
[EventType "swiss (blitz)"]
[EventRounds "20"]
[EventCountry "ENG"]
[SourceTitle "CBM 202 Extra"]
[Source "ChessBase"]
[SourceDate "2021.07.31"]
[SourceVersion "1"]
[SourceVersionDate "2021.07.31"]
[SourceQuality "1"]

1. d4 e6 2. c4 d5 3. Nf3 c6 4. g3 Nf6 5. Bg2 Be7 6. 0-0 h5 7. Qc2 Ne4 8. Nbd2 Nxd2 9. Bxd2 h4 10. e4 hxg3 11. fxg3 dxc4 12. Qxc4 Qb6 13. Bc3 Nd7 14. Rf2 Nf6 15. Re1 Ng4 16. Rfe2 Bd7 17. a4 c5 18. a5 Qb5 19. b3 Qxc4 20. bxc4 cxd4 21. Bxd4 Rc8 22. Bxg7 Rh7 23. Bd4 Rxc4 24. Bxa7 Bb4 25. Rb1 Bc6 26. Nh4 Bxa5 27. e5 Bxg2 28. Kxg2 Rc7 29. Bb6 Bxb6 30. Rxb6 Rh5 31. Nf3 Ke7 32. h3 Nh6 33. Reb2 Nf5 34. Rxb7 Rxb7 35. Rxb7+ Kf8 36. Rc7 Ne3+ 37. Kf2 Nd5 38. Rc8+ Ke7 39. Kg2 Rf5 40. g4 Rf4 41. Kg3 Rb4 42. Ra8 Rb3 43. Ra7+ Kf8 44. h4 Ne7 45. Ra8+ Kg7 46. Ra4 Ng6 47. Re4 Nxh4 48. Kxh4 Rxf3 49. Kg5 Rf1 50. Rf4 Re1 51. Rf6 Rxe5+ 52. Kf4 Kxf6 0-1

[Event "Checkmate Covid Rematch"]
[Site "Chess.com INT"]
[Date "2021.06.05"]
[Round "?"]
[White "Brett, Andrew"]
[Black "Bedi, Adam"]
[Result "0-1"]
[WhiteElo "2085"]
[BlackElo "1803"]
[PlyCount "58"]
[EventDate "2021.06.05"]
[EventType "swiss (blitz)"]
[EventRounds "20"]
[EventCountry "ENG"]
[SourceTitle "CBM 202 Extra"]
[Source "ChessBase"]
[SourceDate "2021.07.31"]
[SourceVersion "1"]
[SourceVersionDate "2021.07.31"]
[SourceQuality "1"]

1. e4 c6 2. Nc3 d5 3. Nf3 Bg4 4. h3 Bxf3 5. Qxf3 e6 6. d3 Nd7 7. Be2 d4 8. Nd1 Ngf6 9. Qg3 c5 10. 0-0 Rc8 11. c3 Qc7 12. f4 e5 13. fxe5 Qxe5 14. Bf4 Qe6 15. e5 Nd5 16. Bg4 Nxf4 17. Qxf4 Qg6 18. Bf5 Qh5 19. g4 Qxh3 20. e6 fxe6 21. Bxe6 Kd8 22. Re1 Be7 23. Nf2 Qh6 24. Qe4 Re8 25. Qd5 Rc7 26. cxd4 cxd4 27. Kg2 Qf4 28. Re4 Qd6 29. Qb3 Nf6 0-1

[Event "Checkmate Covid Rematch"]
[Site "Chess.com INT"]
[Date "2021.06.05"]
[Round "?"]
[White "Paul, Nathanael"]
[Black "Bedi, Adam"]
[Result "0-1"]
[WhiteElo "1993"]
[BlackElo "1803"]
[PlyCount "72"]
[EventDate "2021.06.05"]
[EventType "swiss (blitz)"]
[EventRounds "20"]
[EventCountry "ENG"]
[SourceTitle "CBM 202 Extra"]
[Source "ChessBase"]
[SourceDate "2021.07.31"]
[SourceVersion "1"]
[SourceVersionDate "2021.07.31"]
[SourceQuality "1"]

1. d4 d5 2. c4 e6 3. Nc3 Be7 4. cxd5 exd5 5. Bf4 c6 6. e3 Bd6 7. Bxd6 Qxd6 8. Nf3 Ne7 9. Be2 Bf5 10. 0-0 0-0 11. h3 Nd7 12. Na4 h6 13. a3 b5 14. Nc3 Nb6 15. Ne5 Nc4 16. Qc1 Nxe5 17. dxe5 Qxe5 18. Rd1 a5 19. Bd3 Bxd3 20. Rxd3 b4 21. Na4 bxa3 22. Raxa3 Rfb8 23. Rac3 Rb5 24. Rd4 Rab8 25. Qc2 Rb4 26. Rg4 Rxg4 27. hxg4 Rb4 28. f3 d4 29. exd4 Qxd4+ 30. Kh2 Rxa4 31. Qe2 Qf6 32. Re3 Nd5 33. Re8+ Kh7 34. Qd3+ g6 35. g3 Rb4 36. Qd2 Rxb2 0-1

[Event "English Online Blitz Gp1"]
[Site "Chess.com INT"]
[Date "2020.05.09"]
[Round "9"]
[White "Zabrocki, Philip"]
[Black "Bedi, Adam"]
[Result "1-0"]
[WhiteElo "1948"]
[BlackElo "1803"]
[PlyCount "69"]
[EventDate "2020.05.09"]
[EventType "swiss (blitz)"]
[EventRounds "11"]
[EventCountry "ENG"]
[SourceTitle "CBM 196 Extra"]
[Source "ChessBase"]
[SourceDate "2020.07.31"]
[SourceVersion "1"]
[SourceVersionDate "2020.07.31"]
[SourceQuality "1"]

1. e4 c6 2. d4 d5 3. e5 Bf5 4. h4 h5 5. Bg5 f6 6. Bf4 e6 7. Bd3 Bxd3 8. Qxd3 Ne7 9. exf6 gxf6 10. Nf3 Qb6 11. Nc3 Nd7 12. 0-0-0 0-0-0 13. Rde1 e5 14. dxe5 fxe5 15. Nxe5 Nxe5 16. Bxe5 Rg8 17. Qh3+ Rd7 18. Bf6 Ng6 19. Qe6 Qxf2 20. Qxg8 Qxf6 21. Rhf1 Qg7 22. Re8+ Kc7 23. Rexf8 Nxf8 24. Qxf8 Qxg2 25. Qf4+ Kb6 26. Qf2+ Qxf2 27. Rxf2 Rg7 28. Rf5 Rg1+ 29. Kd2 Rg2+ 30. Kd3 Rg3+ 31. Ke2 Rg2+ 32. Kf3 Rxc2 33. Rxh5 Rxb2 34. Na4+ Kb5 35. Nxb2 1-0

[Event "London Classic op U2050-A 11th"]
[Site "London"]
[Date "2019.12.01"]
[Round "5"]
[White "Bedi, Adam"]
[Black "Patel, Devan"]
[Result "1/2-1/2"]
[WhiteElo "1781"]
[BlackElo "1879"]
[PlyCount "57"]
[EventDate "2019.11.29"]
[EventType "swiss"]
[EventRounds "5"]
[EventCountry "ENG"]
[SourceTitle "CBM 195 Extra"]
[Source "ChessBase"]
[SourceDate "2020.05.31"]
[SourceVersion "1"]
[SourceVersionDate "2020.05.31"]
[SourceQuality "1"]

1. d4 Nf6 2. c4 e6 3. Nc3 Bb4 4. Qc2 0-0 5. e3 d5 6. Nf3 c5 7. a3 Bxc3+ 8. Qxc3 cxd4 9. exd4 h6 10. Bd3 b6 11. 0-0 Bb7 12. Bf4 Nc6 13. cxd5 exd5 14. Rfe1 Na5 15. Ne5 Rc8 16. Qb4 Ne4 17. f3 Ng5 18. Rac1 Qf6 19. Be3 Rfe8 20. Rxc8 Rxc8 21. Rc1 Rd8 22. Rc7 Rc8 23. Qc3 Qd8 24. Rxc8 Qxc8 25. Qb4 Nc6 26. Nxc6 Bxc6 27. Qe7 Qe8 28. Bxg5 hxg5 29. Qxe8+ 1/2-1/2

[Event "London CSC Weekend U2050 op 10th"]
[Site "London"]
[Date "2018.12.15"]
[Round "3"]
[White "Palani, Narendhranath"]
[Black "Bedi, Adam"]
[Result "1-0"]
[WhiteElo "1693"]
[BlackElo "1921"]
[PlyCount "117"]
[EventDate "2018.12.14"]
[EventType "swiss"]
[EventRounds "5"]
[EventCountry "ENG"]
[SourceTitle "EXT 2020"]
[Source "ChessBase"]
[SourceDate "2019.10.17"]
[SourceVersion "1"]
[SourceVersionDate "2019.10.17"]
[SourceQuality "1"]

1. d4 Nf6 2. c4 g6 3. Nc3 Bg7 4. g3 d6 5. Bg2 0-0 6. Nf3 Nbd7 7. 0-0 e5 8. Bg5 h6 9. Be3 Ng4 10. Bc1 f5 11. h3 Ngf6 12. dxe5 dxe5 13. Qc2 c6 14. e4 Nxe4 15. Nxe4 fxe4 16. Qxe4 Qf6 17. b4 Re8 18. Bb2 Nf8 19. Rfe1 Bf5 20. Qe2 Nd7 21. g4 Be6 22. Nxe5 Nxe5 23. Bxe5 Qf7 24. Bxg7 Bxc4 25. Qb2 Qxg7 26. Qc2 Bf7 27. Be4 Qf6 28. Rad1 Rad8 29. a3 Kg7 30. Kg2 Qf4 31. f3 Rf8 32. Rd3 Qg5 33. Red1 Qf6 34. Qd2 Rxd3 35. Qxd3 Be6 36. Qd4 Qxd4 37. Rxd4 Kf6 38. f4 Rg8 39. Kf3 Re8 40. Rd6 Kf7 41. f5 gxf5 42. gxf5 Bd5 43. Bxd5+ cxd5 44. Rxd5 Rc8 45. Ke4 Ke7 46. Rc5 Rb8 47. Ke5 Kf8 48. Kf6 Rd8 49. Kg6 Rd3 50. Rc8+ Ke7 51. f6+ Kd7 52. f7 Rg3+ 53. Kh7 Kxc8 54. f8Q+ Kd7 55. Qf5+ Kc6 56. Qe4+ Kb6 57. Qe6+ Kb5 58. Qd7+ Ka6 59. Qd6+ 1-0

[Event "London Classic op U2050-A 8th"]
[Site "London"]
[Date "2016.12.11"]
[Round "5"]
[White "Bedi, Adam"]
[Black "Trazzi, Enrico"]
[Result "1/2-1/2"]
[WhiteElo "1944"]
[BlackElo "1942"]
[PlyCount "97"]
[EventDate "2016.12.09"]
[EventType "swiss"]
[EventRounds "5"]
[EventCountry "ENG"]
[SourceTitle "EXT 2019"]
[Source "ChessBase"]
[SourceDate "2018.10.10"]
[SourceVersion "1"]
[SourceVersionDate "2018.10.10"]
[SourceQuality "1"]

1. d4 d6 2. c4 g6 3. g3 Bg7 4. Bg2 Nd7 5. Nf3 e5 6. 0-0 Ne7 7. e4 0-0 8. Be3 h6 9. Nc3 Nc6 10. Rc1 exd4 11. Nxd4 Nde5 12. Nxc6 Nxc6 13. b3 Be6 14. Qd2 Kh7 15. f4 f5 16. Bh3 Ne7 17. Nd5 Bxd5 18. exd5 b6 19. Bg2 Ng8 20. b4 Qd7 21. c5 Rac8 22. Rfe1 Rfe8 23. c6 Qf7 24. Re2 Ra8 25. a4 a5 26. b5 Nf6 27. Rce1 Re7 28. Bd4 Rae8 29. Rxe7 Rxe7 30. Rxe7 Qxe7 31. Qe3 Qxe3+ 32. Bxe3 Ne8 33. Kf2 Bc3 34. Bf1 Bb4 35. Kf3 Bc5 36. Bxc5 dxc5 37. Bd3 Nd6 38. h3 Kg7 39. g4 Kf6 40. h4 h5 41. g5+ Ke7 42. Ke3 Nc8 43. Bc2 Kd6 44. Bb3 Ne7 45. Bc4 Nxd5+ 46. Kf3 Ne7 47. Ke3 Nd5+ 48. Kf3 Ne7 49. Ke3 1/2-1/2

[Event "Hampstead op U2200 06"]
[Site "Hampstead"]
[Date "2013.06.30"]
[Round "5"]
[White "Bedi, Adam"]
[Black "Zhou, Yang Jian"]
[Result "1-0"]
[WhiteElo "2026"]
[BlackElo "1667"]
[PlyCount "109"]
[EventDate "2013.06.29"]
[EventType "swiss"]
[EventRounds "5"]
[EventCountry "ENG"]
[SourceTitle "EXT 2014"]
[Source "ChessBase"]
[SourceDate "2013.11.20"]
[SourceVersion "1"]
[SourceVersionDate "2013.11.20"]
[SourceQuality "1"]

1. d4 Nf6 2. c4 g6 3. g3 Bg7 4. Bg2 0-0 5. Nf3 d6 6. Nc3 c5 7. 0-0 cxd4 8. Nxd4 a6 9. Bg5 h6 10. Be3 Ng4 11. Bc1 Ne5 12. b3 Nbc6 13. Nxc6 Nxc6 14. Bb2 Rb8 15. Qd2 Ne5 16. Rfd1 b5 17. c5 Bb7 18. cxd6 Bxg2 19. Kxg2 exd6 20. Qxd6 Qc8 21. Nd5 Qe6 22. Ne7+ Kh7 23. Rac1 Ng4 24. Bxg7 Kxg7 25. e3 Qe4+ 26. Kg1 Qf3 27. Qd4+ Kh7 28. Qf4 Qxf4 29. gxf4 Rfe8 30. Rc7 Rbd8 31. Rxd8 Rxd8 32. h3 Nf6 33. Nc6 Rd7 34. Rxd7 Nxd7 35. Ne5 Nxe5 36. fxe5 g5 37. Kg2 Kg6 38. e4 Kh5 39. Kg3 b4 40. f4 Kg6 41. f5+ Kh5 42. Kf3 a5 43. Kg3 g4 44. hxg4+ Kg5 45. Kf3 h5 46. gxh5 Kxh5 47. Kf4 Kh6 48. Kg4 Kg7 49. Kg5 Kf8 50. Kf6 Ke8 51. e6 Kf8 52. e7+ Ke8 53. e5 a4 54. bxa4 b3 55. axb3 1-0

[Event "Hampstead op U2200 06"]
[Site "Hampstead"]
[Date "2013.06.30"]
[Round "4"]
[White "McDougall, William M"]
[Black "Bedi, Adam"]
[Result "1-0"]
[WhiteElo "2098"]
[BlackElo "2026"]
[PlyCount "53"]
[EventDate "2013.06.29"]
[EventType "swiss"]
[EventRounds "5"]
[EventCountry "ENG"]
[SourceTitle "EXT 2014"]
[Source "ChessBase"]
[SourceDate "2013.11.20"]
[SourceVersion "1"]
[SourceVersionDate "2013.11.20"]
[SourceQuality "1"]

1. d4 d5 2. c4 dxc4 3. e4 e6 4. Bxc4 Nf6 5. e5 Nd5 6. Nf3 c5 7. 0-0 Nc6 8. dxc5 Bxc5 9. Qe2 Qc7 10. Rd1 Nce7 11. Nbd2 0-0 12. Ne4 Bb6 13. Bg5 Bd7 14. Rac1 Bc6 15. a3 h6 16. Bd2 Ng6 17. Bxd5 exd5 18. Nd6 Rfd8 19. Bc3 Qd7 20. Nd4 Nf4 21. Qf3 Bxd4 22. Qxf4 Bxc3 23. Rxc3 Rf8 24. Rg3 Kh7 25. Nf5 Rg8 26. Rxg7+ Rxg7 27. Qxh6+ 1-0